000 00726nam a2200277Ia 4500
001 16559
005 20240113235718.0
007 ta
008 051220s1984 a g b000 u 465 u
040 _aCoptton College,Assa
041 _a465
082 _a550
_bWa 21 Co
100 _aWard, Colin R. .
245 0 _aCoal Geology and Coal Technology /
_cColin R. Ward.
_hTextual Documents
250 _a1st ed. /
260 _aMelbourne :
_bBlackwell Scientific Publications ,
_cC1984.
300 _aix,345p. :
_bill ;
_c25cm .
504 _aIndex
653 _aGeology
653 _aCoals
653 _aCoal-Technology
653 _aG-Geology
942 _2ddc
_cBK
999 _c16541
_d16541